000 00943nam a22002177i 4500
999 _c22865
_d22865
003 AR-CdUCM
008 240506b20172017 pe||||| |||| 00| 0 spa d
020 _a978-612-4150-81-4
040 _aMUNICIPALIDAD PROVINCIAL DEL CUSCO
_cBIBLIOTECA MUNICIPAL DEL CUSCO
082 _22a ed.
_a985.05 / L98
_bL98
100 _a De Luna Pizarro, Francisco Javier.
_949702
245 _aDiscurso al Colegio Electoral de la Provincia de Arequipa dicho el 5 de mayo del presente año en la Santa Iglesia Catedral /
260 _aLima:
_bJurado Nacional de Elecciones, Fondo Editorial,
_c2017.
300 _a56 páginas. :
_c20 cm.
500 _zBibliografía: páginas 39 - 41
505 _aLuna Pizarro: El defensor del sufragio -- Discurso al Colejio Electoral de la provincia de Arequipa
650 _aDiscurso al Colejio Electoral de la provincia de Arequipa
_949703
856 _fwww.jne.gob.pe
942 _2ddc
_cLIBROS
945 _apbj
_d2024-05-06